| 000 | 00755nam a2200241 i 4500 | ||
|---|---|---|---|
| 001 | 46514 | ||
| 003 | ES-MaACL | ||
| 005 | 20250816062545.0 | ||
| 007 | t| | ||
| 008 | 030331s1965 sp ||||1| spa d | ||
| 080 | _a18.01 | ||
| 100 | 1 |
_aComfort, Alex. _940005 |
|
| 245 | 1 | 0 |
_aDarwin y la mujer desnuda : _bensayos discursivos sobre biología y arte / _cAlex Comfort ; [traducción, R.B. Costa]. |
| 250 | _a1ª ed. | ||
| 260 |
_aBarcelona : _bSeix Barral, _c1965. |
||
| 300 |
_a245 p. ; _c18 cm. |
||
| 490 | 1 |
_aBiblioteca breve. Ensayo ; _v248 |
|
| 650 | 7 |
_aEstética _2embne _9142387 |
|
| 700 | 1 |
_aCosta, R. B. _941075 |
|
| 830 | 1 |
_aBiblioteca breve. _aEnsayo _v248 _9181348 |
|
| 852 | 4 |
_aES-MaACL _jG-15938 |
|
| 999 |
_c46514 _d46514 |
||